Les 29 joueurs de Ligue 1 aux Jeux Olympiques 2024 - Statistiques

Statistiques générales
  • Ce quiz a été pris 107 fois
  • Le résultat moyen est 10 sur 29
Statistiques - réponses
Club Joueur Sélection % Correct
Olympique Lyonnais Alexandre Lacazette France
83%
Olympique Lyonnais Rayan Cherki France
82%
Paris Saint-Germain Achraf Hakimi Maroc
75%
Toulouse Guillaume Restes France
70%
Stade Rennais Désiré Doué France
69%
Stade Rennais Adrien Truffert France
63%
AS Monaco Magnes Akliouche France
63%
Montpellier Joris Chotard France
60%
AS Monaco Eliesse Ben Seghir Maroc
55%
Stade Rennais Arnaud Kalimuendo France
53%
Stade Brestois Bradley Locko France
53%
Paris Saint-Germain Arnau Tenas Espagne
44%
RC Lens Abdukodir Khusanov Ouzbékistan
31%
Stade de Reims Amir Richardson Maroc
29%
AS Monaco Soungoutou Magassa France
26%
AS Saint-Etienne Benjamin Bouchouari Maroc
22%
OGC Nice Issiaga Camara Guinée
21%
AJ Auxerre Ousmane Camara Guinée
21%
Le Havre Yassine Kechta Maroc
21%
Le Havre Oussama Targhalline Maroc
20%
Le Havre Abdoulaye Touré Guinée
16%
Olympique Lyonnais Lassine Diarra Mali
11%
AJ Auxerre Mamadou Keita Guinée
10%
Stade de Reims Thiemoko Diarra Mali
10%
AS Saint-Etienne Ben Old Nouvelle-Zélande
9%
Stade de Reims Soumaïla Sylla Guinée
9%
Stade Rennais Amadou Diallo Guinée
8%
OGC Nice Aliou Baldé Guinée
7%
Stade Rennais Wilson Samaké Mali
5%
Aucun quiz correspondant
Distribution des résultats
% des personnes avec chaque résultat
Percentile par nombre de réponses
Votre historique - résultats
Vous n’avez pas pris ce quiz